000 00290nam a22001337a 4500
008 170418b xxu||||| |||| 00| 0 eng d
020 _ax0006bnudx
041 _aeng
080 _22 ED
_a579
100 _a11
101 _aSHM
245 _aMICROBIOLOGY
_cHARVEY.R.A
942 _2udc
_cBK
999 _c11015
_d11015